Arrondissements of Paris - Statistics

General Stats
  • This quiz has been taken 47 times
  • The average score is 11 of 20
Answer Stats
# Arrondissement % Correct
1st Louvre
88%
18th Butte-Montmartre
65%
9th Opéra
62%
5th Panthéon
62%
16th Passy
62%
2nd Bourse
56%
8th Élysée
56%
4th Hôtel-de-Ville
56%
6th Luxembourg
53%
12th Reuilly
53%
3rd Temple
50%
19th Buttes-Chaumont
47%
13th Gobelins
47%
20th Ménilmontant
47%
14th Observatoire
47%
15th Vaugirard
47%
10th Entrepôt
44%
17th Batignolles-Monceau
41%
11th Popincourt
41%
7th Palais-Bourbon
38%
No matching quizzes found
Score Distribution
Percent of People with Each Score
Percentile by Number Answered
Your Score History
You have not taken this quiz